Newsletter ACHEI

Detalles Bibliográficos
Formato: eBook
Lenguaje:español
Publicado: Santiago de Chile: Asociacin̤ Chilena de Especialistas Internacionales, 2022
Materias:
Acceso en línea:Acceso restringido

MARC

LEADER 00000nam a22000007a 4500
005 20220921004854.0
007 cr|||| ||||
008 220921c20229999cl n|w s|||| 0|||b1spa d
035 |a 37256 
040 |a vLex 
090 |c 14007  |d 14007 
245 0 0 |a Newsletter ACHEI  |h [Recurso electrn̤ico] / 
256 |a Servicio en ln̕ea 
260 |a Santiago de Chile:  |b Asociacin̤ Chilena de Especialistas Internacionales,  |c 2022 
300 |a 1 recurso electrn̤ico 
310 |a Irregular 
506 1 |a Disponible solo en los productos indicados  |d vLex Global  |d vLex Global (Academic Edition, excluding Law Schools)  |d vLex Global (U.S. Academic Edition, Law Schools)  |d vLex Global (U.S. Academic Edition, excluding Law Schools)  |d vLex Global (Academic Edition, Law Schools) 
650 0 4 |a Derecho Internacional  |z Chile 
740 0 |a vLex Revistas (Servicio en ln̕ea) 
856 4 0 |u https://app.vlex.com/#/sources/37256  |z Acceso restringido 
942 |c REV 
999 0 |a International right